Geography Quiz

Random Geography or State Quiz
Score 0/10 Timer 02:00
2 Plays Today
Clue 'A'-Place % Correct
Largest and most populous continentAsia
98.6%
City named after a Greek goddessAthens
94.1%
Largest country of OceaniaAustralia
91.6%
US state whose capital is Little RockArkansas
91.4%
Longest continental mountain range in the worldAndes
85%
Southern California city that is Disneyland's homeAnaheim
72.7%
Country that fought a war involving the Soviet Union in 1980sAfghanistan
71.4%
Caucasus country abutting the Caspian SeaAzerbaijan
65.9%
Capital and largest city of MadagascarAntananarivo
33%
Southern France city, home of the painter C├ęzanneAix-en-Provence
16.8%

You're not logged in!

Compare scores with friends on all Sporcle quizzes.
OR
Log In

Sporcle TV

Today on Sporcle TV


Watch our educational content, quiz creation guides, and fun videos on Sporcle TV.

Show Comments

Extras

Top Quizzes Today


Score Distribution

Paid Content

Your Account Isn't Verified!

In order to create a playlist on Sporcle, you need to verify the email address you used during registration. Go to your Sporcle Settings to finish the process.

Report this User

Report this user for behavior that violates our Community Guidelines.

Details: